000 01012nam0a2200325 4500
001 RU\NLR\bibl\882548
005 20250614165407.0
010 _a5-9533-0508-7
_95000
021 _aRU
_b2005-72832
_93584
035 _a(NLR Aleph) 000871104
090 _a1600010
_c1600010
100 _a20051202d2005 |||y0rusy50 ca
101 0 _arus
102 _aRU
105 _aa |||||||||
200 1 _aЭлектрика в вашем доме
_fКоршевер Н.Г.
210 _aМосква
_cВече
_d2005
215 _a382, [2] с.
_cил.
_d21
225 1 _aДомашний мастер
300 _aНа обл. авт. не указан
606 1 _aБытовые электроприборы
_92144158
_3RU\NLR\auth\661291982
686 _aЗ293-5
700 1 _aКоршевер
_bН. Г.
_gНаталья Гавриловна
_4070
801 0 _aRU
_bNLR
_c20051202
_grcr
801 1 _aRU
_bNLR
_c20051202
830 _aпо кн
942 _cBOOK
980 _aNB